| 000 | 00954nam a22002537a 4500 | ||
|---|---|---|---|
| 005 | 20160614112953.0 | ||
| 010 | _a1516EN07 B-599166-179 ENG-115284 | ||
| 020 |
_a9788126556168 _c649.00 |
||
| 035 | _aB-599166-179 | ||
| 035 | _aEN-98816 | ||
| 037 |
_bAsian Book Center/Ven _adpl |
||
| 037 | _bDBAD/PUB | ||
| 082 | _a332.6 | ||
| 245 | 0 | 0 |
_aInvestments : _cby Michael G. McMillan...[et al] _bprinciples of portfolio and equity analysis / |
| 260 |
_aNew Delhi _bWiley India _c2015 |
||
| 270 |
_a4435-36/7,Ansari Road, Darya Ganj, _bNew Delhi _e110002 |
||
| 300 |
_axxi 620p. : _c25cm(pbk) _bill. |
||
| 490 | _aCFA institute investment series | ||
| 500 | _a Includes bibliographical references and index | ||
| 650 | _aPortfolio management. | ||
| 650 | _aInvestment analysis. | ||
| 942 |
_2ddc _cEN _h332.6 _mINV |
||
| 999 |
_c95797 _d95797 |
||